000 01142nam a2200229Ia 4500
003 Ost
005 20260507075007.0
008 260507s9999||||xx |||||||||||||| ||und||
020 _a977438459
040 _cfsecg
041 _aara
082 _a658.155
100 _aمرعي، عطية عبد الحي
_eمؤلف
245 0 _aالتكلفة الإلكترونية لأغراض القياس والتخطيط والرقابة /
_c عطية عبد الحي مرعي
260 _aالاسكندرية:
_bالمكتب الجامعي الحديث,
_c2008
300 _a495 صفحة؛
_c24 سم
520 _aيوجد في هذا الكتاب : مزايا واستخدام برنامج excel xpl ، التشغبل الالكتروني لمداخل قياس تكلفة، قياس تكلفة الاوامر الانتاجية، التشغبل الالكتروني لاغراض التخطيط واتخاذ القرارات، التشغبل الالكتروني لاغراض اتخاذ القرارات قصيرة الاجل
653 _aالتخطيط
653 _aالتكاليف
653 _aالرقابة
942 _cكتاب
999 _c42125
_d42125